| 000 | 01133cam a2200229 4500 | ||
|---|---|---|---|
| 001 | WB3809-22 | ||
| 008 | 020306n2002 000 0 eng u | ||
| 035 | _a(Sirsi) u117016 | ||
| 245 | _aRevised new rent notices for Assured Periodic Tenancies | ||
| 260 | _c2002 | ||
| 490 |
_aRICS Residential Faculty News _v 4 March 2002 (1) |
||
| 520 | _aFrom 20 February 2002, both registered social landlord and private landlords will be able to take advantage of a new statutory form of Landlords Notice for rent reviews under an Assured Periodic Tenancy. Existing forms will be revoked from 20 June 2002 although they can be used throughout the four month overlap period. A notice proposing new rent and National Housing Federation guidance can be viewed via the link http://www.rics.org/ricscms/bin/show?class=News&template=/includes/shownews.html&id=2005 | ||
| 590 | _aWB | ||
| 650 | _aDTLR | ||
| 650 | _aASSURED PERIODIC TENANCIES | ||
| 650 | _aSOCIAL LANDLORDS | ||
| 650 | _aPRIVATE LANDLORDS | ||
| 650 | _aRENT REVIEWS | ||
| 650 | _aNATIONAL HOUSING FEDERATION | ||
| 690 | _aLANDLORD AND TENANT-RENT REVIEWS | ||
| 942 | _n0 | ||
| 999 |
_c69706 _d69706 |
||